Online
Catalog

Summer adventures : (Record no. 43964)

MARC details
000 -CABECERA
campo de control de longitud fija 00671nam a2200193 a 4500
001 - NÚMERO DE CONTROL
campo de control 000044475
005 - FECHA Y HORA DE LA ÚLTIMA TRANSACCIÓN
campo de control 20201002045412.0
008 - DATOS DE LONGITUD FIJA--INFORMACIÓN GENERAL
campo de control de longitud fija 140702s1996 dr a 000 0 spa d
040 ## - FUENTE DE LA CATALOGACIÓN
Centro catalogador/agencia de origen DO-SdBNP
Lengua de catalogación spa
Centro/agencia transcriptor BNPHU
041 17 - CÓDIGO DE LENGUA
Código de lengua del texto/banda sonora o título independiente eng
245 00 - MENCIÓN DE TÍTULO
Título Summer adventures :
Resto del título English 4th-6th grade /
Mención de responsabilidad, etc. ilustración Rafael Mulett Irrizarry ; coordinador Ivelisse Morales.
260 ## - PUBLICACIÓN, DISTRIBUCIÓN, ETC.
Lugar de publicación, distribución, etc. Santo Domingo :
Nombre del editor, distribuidor, etc. CONEP,
Fecha de publicación, distribución, etc. 1996.
300 ## - DESCRIPCIÓN FÍSICA
Extensión 68 p. :
Otras características físicas il. ;
Dimensiones 28 cm.
490 1# - MENCIÓN DE SERIE
Mención de serie Summer adventures
700 12 - PUNTO DE ACCESO ADICIONAL--NOMBRE DE PERSONA
Nombre de persona Morales, Ivelisse
Término indicativo de función/relación coor.
9 (RLIN) 72497
700 12 - PUNTO DE ACCESO ADICIONAL--NOMBRE DE PERSONA
Nombre de persona Mulett Irrizarry, Rafael
Término indicativo de función/relación il.
9 (RLIN) 72498
710 2# - PUNTO DE ACCESO ADICIONAL--NOMBRE DE ENTIDAD CORPORATIVA
Nombre de entidad corporativa o nombre de jurisdicción como elemento de entrada Consultores Educativos y Psicológicos
9 (RLIN) 72499
830 #0 - PUNTO DE ACCESO ADICIONAL DE SERIE-TÍTULO UNIFORME
Título uniforme Summer adventures
9 (RLIN) 72500
Holdings
Estado de retiro Estado de pérdida No para préstamo Código de colección Localización permanente Ubicación/localización actual Ubicación en estantería Fecha de adquisición Número de inventario Total de préstamos Signatura topográfica completa Código de barras Fecha visto por última vez Precio válido a partir de Tipo de ítem Koha
    Excluido de préstamo Patrimonio Dominicano Patrimonio Dominicano Patrimonio Dominicano En catalogación 02.07.2014 LF1   44475-10 25.06.2020 25.06.2020 Libro y Folleto Colección Patrimonio Dominicano

Powered by Koha